| 000 | 00432 a2200157 4500 | ||
|---|---|---|---|
| 005 | 20250624120302.0 | ||
| 020 | _a0-07-296130-9 | ||
| 082 | _a808.042CRU | ||
| 100 | _aCRUSIUS | ||
| 245 | _aThe Aims of Argument: A Brief Guide | ||
| 250 | _a5th Ed. | ||
| 260 |
_aNew York, _bMOORE. L, _c2006. |
||
| 300 |
_axxix, 303p,; ill, figure, table & picture _bAppendix, Grossary & Index _c23cm |
||
| 700 | _aCHANNELL. C. E. | ||
| 942 |
_2ddc _cBKS |
||
| 999 |
_c4854 _d4854 |
||